| 000 | 00417cam a2200169ua 4500 | ||
|---|---|---|---|
| 020 | _c16.80 | ||
| 041 |
_aeng _h |
||
| 082 |
_a291 _bRAD/ID |
||
| 100 | _aRadhakrishnan, S . | ||
| 245 |
_aIdealist view of life / _cS.Radhakrishnan. _hTextual Documents |
||
| 260 |
_aLondon : _bGeorge Allen & Unwin Ltd , _c1963. |
||
| 300 | _a352 ; . | ||
| 365 | _a16.80 | ||
| 504 | _a | ||
| 942 | _cBK | ||
| 999 |
_c2146 _d2146 |
||